000 00593nam a22001817a 4500
003 UA-OsUOA
001 16424
007 ta
008 20040110b un ||||| |||| 00| 0 ukr d
100 _aБасараба В.
942 _cSA
040 _aUA-OsUOA
_cUA-OsUOA
_dUA-OsUOA
245 _a"Своїми думами вернусь"
_bДо 70-річчя відомого поета - пісняра О.Богачука
300 _aС.13
955 _a0
773 0 _w0
_tВільне слово
_dРівне
_d2003
_g№100 /19 груд./
650 7 _aКраєзнавча робота
_2UDC
999 _c302589
_d302589